Statistics for Current Manchester Unied Squad 2018

Click here to take the quiz!

General Stats

  • This quiz has been taken 8 times
  • The average score is 16 of 29

Answer Stats

Hint Answer % Correct
GKDavid De Gea
100%
STMarcus Rashford
88%
MFPaul Pogba
88%
DFPhil Jones
75%
DFChris Smalling
75%
STAnthony Martial
75%
GKSergio Romero
75%
MFJesse Lingard
63%
DFEric Bailly
63%
MFNemanja Matic
63%
DFAshley Young
63%
STRomelu Lukaku
63%
DFAntonio Valencia
63%
MFAnder Herrera
63%
MFJuan Mata
63%
MFMarouane Fellaini
50%
DFMatteo Darmian
50%
MFAndreas Pereira
50%
STAlexis Sanchez
50%
MFAngel Gomes
50%
DFMarcos Rojo
50%
MFFred
38%
DFVictor Lindelof
38%
DFDiogo Dalot
38%
DFLuke Shaw
38%
DFDaley Blind
38%
MFScott McTominay
25%
GKJoel Pereira
25%
STEthan Hamilton
0%

Score Distribution

Percentile by Number Answered

Percent of People with Each Score

Your Score History

You have not taken this quiz